[Event "21st WCh U20 Girls"]
[Site "Nakhchivan AZE"]
[Date "2003.06.22"]
[Round "1"]
[White "Dzagnidze, Nana"]
[Black "Rajmohan, Mahima"]
[Result "1-0"]
[WhiteElo "2376"]
[BlackElo "2104"]
[EventDate "2003.06.22"]
[PlyCount "79"]

1.d4 Nf6 2.Nf3 d6 3.Bg5 Nbd7 4.Nbd2 e5 5.e3 Be7 6.Bd3 O-O 7.O-O c6 8.c3 
Nd5 9.Bxe7 Qxe7 10.Qc2 h6 11.Rad1 N7f6 12.e4 Nf4 13.dxe5 dxe5 14.Nc4 Ng6 
15.Ne3 Nf4 16.Bc4 g6 17.Rd2 Ng4 18.b4 a5 19.a3 b5 20.Bb3 Nxe3 21.fxe3 Qa7 
22.Nxe5 Qxe3+ 23.Kh1 axb4 24.Nxf7 Be6 25.Bxe6 Nxe6 26.e5 Kg7 27.Rd7 Nc5 
28.Rc7 Rac8 29.Rxc8 Rxc8 30.cxb4 Ne6 31.Qd1 Rc7 32.Nd8 Nxd8 33.Qxd8 Rf7 
34.Rxf7+ Kxf7 35.Qf6+ Ke8 36.Qxc6+ Kf7 37.Qf6+ Ke8 38.Qxg6+ Kd7 39.Qf7+ 
Kd8 40.Qd5+ 1-0

[Event "21st WCh U20 Girls"]
[Site "Nakhchivan AZE"]
[Date "2003.06.22"]
[Round "1"]
[White "Nowak, Dominika"]
[Black "Sergeeva, Maria"]
[Result "0-1"]
[WhiteElo "2098"]
[BlackElo "2340"]
[EventDate "2003.06.22"]
[PlyCount "68"]

1.e4 c5 2.Nf3 d6 3.d4 cxd4 4.Nxd4 Nf6 5.Nc3 a6 6.f3 e6 7.Be3 Nbd7 8.g4 h6 
9.Qd2 b5 10.O-O-O Bb7 11.Bd3 Rc8 12.h4 b4 13.Nce2 d5 14.e5 Nxe5 15.g5 Nfd7
16.g6 Nxd3+ 17.Qxd3 Nc5 18.gxf7+ Kxf7 19.Qd2 e5 20.Nb3 Nxb3+ 21.axb3 d4 
22.Bg1 Be7 23.Bh2 Qa5 24.Qd3 Bf6 25.Rhg1 Rhe8 26.Qf5 Qd5 27.Rg3 Qe6 28.
Qg6+ Kf8 29.f4 exf4 30.Nxf4 Qe4 31.Rgd3 Qxg6 32.Nxg6+ Kf7 33.Nf4 Be4 34.
R3d2 Bxh4 0-1

[Event "21st WCh U20 Girls"]
[Site "Nakhchivan AZE"]
[Date "2003.06.22"]
[Round "1"]
[White "Calotescu, Ana-Cristina"]
[Black "Topel, Zehra"]
[Result "1-0"]
[WhiteElo "2334"]
[BlackElo "2092"]
[EventDate "2003.06.22"]
[PlyCount "69"]

1.Nf3 g6 2.c4 Bg7 3.d4 Nf6 4.g3 d6 5.Bg2 O-O 6.O-O Nbd7 7.Nc3 e5 8.e4 exd4
9.Nxd4 Nc5 10.h3 c6 11.Be3 Re8 12.Qc2 a5 13.Rfe1 Qc7 14.Rad1 Be6 15.b3 
Rad8 16.a3 Bc8 17.f4 Re7 18.b4 axb4 19.axb4 Ne6 20.Kh2 Rde8 21.Nb3 Nf8 22.
c5 dxc5 23.Bxc5 Rd7 24.e5 Rxd1 25.Rxd1 N6d7 26.Bd6 Qb6 27.Nd4 Ne6 28.Nxe6 
Rxe6 29.b5 Bf8 30.bxc6 bxc6 31.Na4 Qa6 32.Bxf8 Kxf8 33.Nc5 Nxc5 34.Qxc5+ 
Kg7 35.Rd8 1-0

[Event "21st WCh U20 Girls"]
[Site "Nakhchivan AZE"]
[Date "2003.06.22"]
[Round "1"]
[White "Verot, Melanie"]
[Black "Mamedyarova, Zeinab"]
[Result "0-1"]
[WhiteElo "2092"]
[BlackElo "2298"]
[EventDate "2003.06.22"]
[PlyCount "40"]

1.e4 e5 2.Nf3 Nc6 3.Bc4 Bc5 4.c3 Nf6 5.d4 exd4 6.e5 d5 7.Bb5 Ne4 8.Nxd4 
O-O 9.Bxc6 bxc6 10.O-O f6 11.b4 fxe5 12.bxc5 exd4 13.Qa4 dxc3 14.Qxc6 Rb8 
15.f3 Rf6 16.Qa4 Rb2 17.Qd4 Rg6 18.Bxb2 Qg5 19.g4 Bxg4 20.f4 Bf3+ 0-1

[Event "21st WCh U20 Girls"]
[Site "Nakhchivan AZE"]
[Date "2003.06.22"]
[Round "1"]
[White "Harika, Dronavalli"]
[Black "Saheli, Nath"]
[Result "1-0"]
[WhiteElo "2294"]
[BlackElo "2078"]
[EventDate "2003.06.22"]
[PlyCount "63"]

1.Nf3 Nf6 2.c4 g6 3.g3 Bg7 4.Bg2 d6 5.d4 O-O 6.O-O Nc6 7.d5 Na5 8.Nfd2 c5 
9.Nc3 e6 10.Qc2 exd5 11.cxd5 Rb8 12.b3 b5 13.Bb2 b4 14.Nd1 Ba6 15.Re1 Re8 
16.Ne3 Qb6 17.Nec4 Nxc4 18.bxc4 Re7 19.e4 Nd7 20.f4 Rbe8 21.Bxg7 Kxg7 22.
Bh3 Bc8 23.Qb2+ Kg8 24.Bxd7 Bxd7 25.e5 Qc7 26.Ne4 dxe5 27.d6 Qc6 28.dxe7 
Rxe7 29.fxe5 Bf5 30.Nf6+ Kg7 31.Rad1 Qf3 32.Qf2 1-0

[Event "21st WCh U20 Girls"]
[Site "Nakhchivan AZE"]
[Date "2003.06.22"]
[Round "1"]
[White "Van der Merwe, Cecile"]
[Black "Ubiennykh, Ekaterina"]
[Result "1-0"]
[WhiteElo "2068"]
[BlackElo "2293"]
[EventDate "2003.06.22"]
[PlyCount "123"]

1.e4 e5 2.Nc3 Nf6 3.f4 d5 4.fxe5 Nxe4 5.d3 Nxc3 6.bxc3 Nc6 7.Nf3 Be7 8.Be2
O-O 9.O-O Be6 10.Be3 Na5 11.Nd4 Bg5 12.Qd2 Bxe3+ 13.Qxe3 Qd7 14.Rab1 b6 
15.Qg5 h6 16.Qh5 Rae8 17.Rbe1 c5 18.Nxe6 fxe6 19.d4 cxd4 20.Bd3 Rxf1+ 21.
Rxf1 Rf8 22.Bh7+ Kxh7 23.Rxf8 dxc3 24.Qe2 Nc4 25.Qd3+ g6 26.Qxc3 Qb5 27.h3
Qc5+ 28.Rf2 h5 29.Qg3 Nd2 30.Kh2 Ne4 31.Rf7+ Kh6 32.Qf4+ g5 33.Rf6+ Kg7 
34.Rf7+ Kg8 35.Qf3 g4 36.hxg4 hxg4 37.Qf4 g3+ 38.Kh3 Qf2 39.Kh4 Qxf4+ 40.
Rxf4 Kg7 41.Rxe4 dxe4 42.Kxg3 Kg6 43.Kf4 e3 44.Kxe3 Kf5 45.Kd4 b5 46.c3 a6
47.g3 a5 48.a3 a4 49.Kc5 Kxe5 50.Kxb5 Kd6 51.Kc4 e5 52.Kd3 Kd5 53.g4 e4+ 
54.Ke3 Kc4 55.g5 Kxc3 56.g6 Kb3 57.g7 Kxa3 58.g8=Q Kb2 59.Qg2+ Ka1 60.Qf1+
Kb2 61.Qb5+ Ka3 62.Kxe4 1-0

[Event "21st WCh U20 Girls"]
[Site "Nakhchivan AZE"]
[Date "2003.06.22"]
[Round "1"]
[White "Shukurova, Meihriban"]
[Black "Khudaverdieva, Afag"]
[Result "1-0"]
[WhiteElo "2250"]
[BlackElo "2063"]
[EventDate "2003.06.22"]
[PlyCount "61"]

1.e4 e6 2.d4 d5 3.exd5 exd5 4.Nf3 Bd6 5.Bd3 Bg4 6.h3 Bh5 7.Be3 Nc6 8.c3 
Qd7 9.b4 Nf6 10.Nbd2 Ne7 11.Qc2 c6 12.Ne5 Qc7 13.f4 g5 14.g4 gxf4 15.Bxf4 
Bg6 16.O-O-O O-O-O 17.Rhf1 Ne4 18.Nxe4 dxe4 19.Bxe4 Bxe4 20.Qxe4 Nd5 21.
Bd2 f6 22.Nc4 Bg3 23.Ne3 Kb8 24.Nxd5 cxd5 25.Qd3 Bd6 26.Kb2 Rdf8 27.Rf5 h5
28.gxh5 Qf7 29.Qf3 Rfg8 30.Rxf6 Qc7 31.Rxd6 1-0

[Event "21st WCh U20 Girls"]
[Site "Nakhchivan AZE"]
[Date "2003.06.22"]
[Round "1"]
[White "Charbonneau, Anne-Marie"]
[Black "Tania, Sachdev"]
[Result "1/2-1/2"]
[WhiteElo "2052"]
[BlackElo "2245"]
[EventDate "2003.06.22"]
[PlyCount "60"]

1.d4 Nf6 2.c4 e6 3.Nc3 Bb4 4.Bg5 d5 5.cxd5 exd5 6.e3 c6 7.Qc2 Be7 8.Bd3 
Nbd7 9.Nf3 O-O 10.h3 Re8 11.O-O Nf8 12.Rab1 Be6 13.b4 Rc8 14.Na4 N6d7 15.
Bf4 b5 16.Nc5 Nxc5 17.bxc5 f6 18.Bh2 Qd7 19.Nh4 g6 20.f4 Bf7 21.g4 Bd8 22.
Qf2 Ba5 23.f5 g5 24.Ng2 Bc7 25.Bxc7 Qxc7 26.h4 h6 27.h5 a5 28.a3 Re7 29.
Rb3 Kg7 30.Rfb1 Rce8 1/2-1/2

[Event "21st WCh U20 Girls"]
[Site "Nakhchivan AZE"]
[Date "2003.06.22"]
[Round "1"]
[White "Makka, Ioulia"]
[Black "Morales Mendoza, Luciana"]
[Result "1/2-1/2"]
[WhiteElo "2234"]
[BlackElo "2051"]
[EventDate "2003.06.22"]
[PlyCount "96"]

1.c4 Nf6 2.Nf3 e6 3.Nc3 c5 4.d4 cxd4 5.Nxd4 d5 6.e3 Nc6 7.cxd5 Nxd5 8.Bb5 
Nxc3 9.bxc3 Bd7 10.O-O Be7 11.Rb1 O-O 12.Bd3 b6 13.Be4 Rc8 14.Nb5 h6 15.
Nd6 Bxd6 16.Qxd6 Qc7 17.Qxc7 Rxc7 18.Ba3 Rd8 19.Bd6 Rcc8 20.Rfd1 f5 21.Bf3
Kf7 22.Be2 Na5 23.Bb4 Nc4 24.Rd4 Bb5 25.Rbd1 Rxd4 26.Rxd4 a5 27.Bxc4 Rxc4 
28.Rxc4 Bxc4 29.Bd6 Bxa2 30.Bc7 a4 31.Bxb6 Bc4 32.Bc5 e5 33.f3 Ke6 34.Kf2 
Kd5 35.Bf8 g6 36.Ke1 Bd3 37.Kd2 Kc4 38.g3 h5 39.Kc1 Kb3 40.Bg7 e4 41.fxe4 
Bxe4 42.c4 Kxc4 43.Kb2 g5 44.h4 g4 45.Bh6 Kb4 46.Bf8+ Kc4 47.Bh6 Kb4 48.
Bf8+ Kc4 1/2-1/2

[Event "21st WCh U20 Girls"]
[Site "Nakhchivan AZE"]
[Date "2003.06.22"]
[Round "1"]
[White "Valickova, Martina"]
[Black "Mamedyarova, Turkan"]
[Result "1-0"]
[WhiteElo "2046"]
[BlackElo "2222"]
[EventDate "2003.06.22"]
[PlyCount "113"]

1.e4 e5 2.Nf3 Qe7 3.Nc3 c6 4.Bc4 g6 5.O-O Bg7 6.d4 d6 7.Bg5 Nf6 8.a4 O-O 
9.h3 h6 10.Be3 Nbd7 11.Re1 exd4 12.Bxd4 Ne5 13.Nxe5 dxe5 14.Be3 Nh5 15.Qf3
Be6 16.Bxe6 Qxe6 17.Rad1 f5 18.Rd3 b6 19.exf5 Rxf5 20.Qg4 Kh7 21.Ne4 Nf6 
22.Nxf6+ Qxf6 23.Red1 Re8 24.Rd6 Re6 25.Rd7 Re7 26.R1d6 Rxd7 27.Rxd7 a6 
28.Bxb6 Rf4 29.Qd1 Rxa4 30.b3 Re4 31.Bc5 Qf5 32.Rd6 a5 33.Rxc6 a4 34.bxa4 
Rxa4 35.Be3 e4 36.Qg4 Qf7 37.g3 g5 38.Rc5 Ra1+ 39.Kg2 Ra4 40.Qf5+ Qxf5 41.
Rxf5 Rc4 42.Rc5 Rxc5 43.Bxc5 Kg6 44.g4 h5 45.Kf1 hxg4 46.hxg4 Kf7 47.Ke2 
Ke6 48.c4 Bb2 49.Be3 Bf6 50.Bc1 Be7 51.Ke3 Bc5+ 52.Kxe4 Bxf2 53.Bxg5 Bc5 
54.Bf4 Bb6 55.Be3 Bd8 56.c5 Kd7 57.Kd5 1-0

[Event "21st WCh U20 Girls"]
[Site "Nakhchivan AZE"]
[Date "2003.06.22"]
[Round "1"]
[White "Karavade, Eesha"]
[Black "Yilmaz, Ezgi"]
[Result "1-0"]
[WhiteElo "2199"]
[BlackElo "1986"]
[EventDate "2003.06.22"]
[PlyCount "81"]

1.e4 c5 2.Nf3 d6 3.d4 cxd4 4.Nxd4 Nf6 5.Nc3 g6 6.Be3 Bg7 7.f3 a6 8.Qd2 Nc6
9.O-O-O O-O 10.Bc4 Bd7 11.h4 Ne5 12.Bb3 b5 13.h5 Re8 14.hxg6 hxg6 15.g4 
Nc4 16.Bxc4 bxc4 17.Qh2 e5 18.Nde2 Bc6 19.Ng3 Re6 20.Nf5 gxf5 21.gxf5 Kf8 
22.fxe6 fxe6 23.Bh6 Bxh6+ 24.Qxh6+ Kf7 25.Rdg1 Qf8 26.Qg6+ Ke7 27.Rh7+ 
Nxh7 28.Qxh7+ Kd8 29.Rg8 Qxg8 30.Qxg8+ Ke7 31.Qg7+ Kd8 32.Qf8+ Kc7 33.Qf7+
Bd7 34.Nd1 Rh8 35.Ne3 Rh1+ 36.Kd2 Rh2+ 37.Kc3 Re2 38.Nxc4 d5 39.Nxe5 Kd6 
40.Nxd7 Re3+ 41.Kd4 1-0

[Event "21st WCh U20 Girls"]
[Site "Nakhchivan AZE"]
[Date "2003.06.22"]
[Round "1"]
[White "Umudova, Nargiz"]
[Black "Ismailova, Aytaj"]
[Result "1/2-1/2"]
[WhiteElo "1922"]
[BlackElo "2168"]
[EventDate "2003.06.22"]
[PlyCount "120"]

1.e4 c5 2.Nf3 d6 3.d4 cxd4 4.Nxd4 Nf6 5.Nc3 a6 6.Be2 e5 7.Nb3 Be7 8.O-O 
O-O 9.a4 b6 10.f4 Nbd7 11.Bf3 Bb7 12.f5 Rc8 13.Qe2 Re8 14.Rd1 Qc7 15.Kh1 
Bf8 16.g4 d5 17.exd5 e4 18.Bg2 Qe5 19.Be3 Bd6 20.Bg1 Nxd5 21.Qxe4 Nxc3 22.
Qxe5 Bxg2+ 23.Kxg2 Nxe5 24.bxc3 Nc4 25.Re1 Be5 26.Bd4 Bxd4 27.Rxe8+ Rxe8 
28.Nxd4 Re3 29.Kf2 Rxc3 30.Re1 Kf8 31.Rb1 Ke7 32.Rb3 Rxb3 33.cxb3 Ne5 34.
h3 Kd6 35.Ke3 Kd5 36.Nc2 Nc6 37.Kd3 Ne5+ 38.Ke3 Nc6 39.Kd3 Ne5+ 40.Ke3 Kc5
41.Ke4 Nc6 42.h4 Ne7 43.Ke5 Nc6+ 44.Ke4 Ne7 45.Ke5 Nc6+ 46.Ke4 b5 47.axb5 
axb5 48.g5 Ne7 49.f6 gxf6 50.gxf6 Nd5 51.Ke5 Nb6 52.h5 Nd7+ 53.Kf5 Kd5 54.
Ne3+ Kd4 55.Ng4 b4 56.Nh6 Ne5 57.Ng8 Nf3 58.Kf4 Ne5 59.Kf5 Nf3 60.Nh6 Ne5 
1/2-1/2

[Event "21st WCh U20 Girls"]
[Site "Nakhchivan AZE"]
[Date "2003.06.23"]
[Round "2"]
[White "Shukurova, Meihriban"]
[Black "Dzagnidze, Nana"]
[Result "0-1"]
[WhiteElo "2250"]
[BlackElo "2376"]
[EventDate "2003.06.22"]
[PlyCount "86"]

1.e4 c5 2.Nc3 d6 3.Nf3 Nf6 4.g3 Nc6 5.Bg2 e5 6.d3 Be6 7.O-O Be7 8.Ng5 Bg4 
9.f3 Bh5 10.Nh3 Qd7 11.Nf2 h6 12.Nd5 Nxd5 13.exd5 Nd8 14.Bh3 Qc7 15.Ng4 
O-O 16.f4 Kh8 17.f5 Bf6 18.Be3 Qe7 19.Qd2 Bxg4 20.Bxg4 Re8 21.c3 b6 22.Bd1
a6 23.Bf3 Nb7 24.Rae1 Kg8 25.Re2 b5 26.Be4 Rac8 27.g4 c4 28.Rg2 Nc5 29.g5 
hxg5 30.Bxg5 cxd3 31.Bxf6 Qxf6 32.Bxd3 e4 33.Bc2 Re5 34.Qf4 Rce8 35.Kh1 
Kf8 36.Rg5 Rxd5 37.Rfg1 Ne6 38.Qxe4 Re5 39.fxe6 Rxg5 40.Rxg5 Qxg5 41.Bb3 
fxe6 42.Qf3+ Qf6 43.Qd3 d5 0-1

[Event "21st WCh U20 Girls"]
[Site "Nakhchivan AZE"]
[Date "2003.06.23"]
[Round "2"]
[White "Sergeeva, Maria"]
[Black "Karavade, Eesha"]
[Result "1-0"]
[WhiteElo "2340"]
[BlackElo "2199"]
[EventDate "2003.06.22"]
[PlyCount "49"]

1.e4 c5 2.Nf3 e6 3.d4 cxd4 4.Nxd4 a6 5.Nc3 b5 6.Bd3 Qb6 7.Nb3 Qc7 8.Be3 
Bb7 9.O-O Nf6 10.f4 d6 11.a3 Nbd7 12.Qe1 Be7 13.Qg3 O-O 14.Rae1 Rfe8 15.
Kh1 Bf8 16.Bd2 e5 17.fxe5 dxe5 18.Rf2 Kh8 19.Ref1 Nc5 20.Nxc5 Bxc5 21.Rf5 
Bd6 22.Bg5 Re6 23.Nd5 Nxd5 24.Rxf7 Qc6 25.Bf6 1-0

[Event "21st WCh U20 Girls"]
[Site "Nakhchivan AZE"]
[Date "2003.06.23"]
[Round "2"]
[White "Mammadova, Nargiz"]
[Black "Calotescu, Ana-Cristina"]
[Result "0-1"]
[WhiteElo "2122"]
[BlackElo "2334"]
[EventDate "2003.06.22"]
[PlyCount "96"]

1.Nf3 c5 2.c4 g6 3.Nc3 Bg7 4.g3 Nc6 5.Bg2 e5 6.O-O Nge7 7.d3 d6 8.Rb1 O-O 
9.a3 a5 10.e4 h6 11.Nh4 g5 12.Nf3 f5 13.exf5 Bxf5 14.Ne1 Kh8 15.Be4 Bh3 
16.Ng2 Qe8 17.Nd5 Nxd5 18.cxd5 Nd4 19.Be3 b5 20.Bxd4 exd4 21.a4 bxa4 22.
Rc1 Rb8 23.Qe2 Rb7 24.Rfd1 Re7 25.Qd2 Qf7 26.f3 Rb7 27.Ra1 Rb4 28.Ne1 Bd7 
29.Rdb1 Rfb8 30.Qc1 Rb3 31.Ra2 Bb5 32.Ra3 Be8 33.Nc2 Qb7 34.Rxb3 axb3 35.
Na3 Bb5 36.f4 Qe7 37.Qd2 gxf4 38.Qxf4 Rf8 39.Qd2 Bd7 40.Rf1 Rxf1+ 41.Kxf1 
Bh3+ 42.Kg1 Qg5 43.Qxg5 hxg5 44.Bg6 Bd7 45.h4 gxh4 46.gxh4 Bh6 47.Nc4 a4 
48.Kf2 Bc1 0-1

[Event "21st WCh U20 Girls"]
[Site "Nakhchivan AZE"]
[Date "2003.06.23"]
[Round "2"]
[White "Ubiennykh, Ekaterina"]
[Black "Verot, Melanie"]
[Result "1-0"]
[WhiteElo "2293"]
[BlackElo "2092"]
[EventDate "2003.06.22"]
[PlyCount "105"]

1.d4 d5 2.c4 e6 3.Nf3 c5 4.cxd5 exd5 5.Nc3 Nc6 6.g3 Nf6 7.Bg2 Be7 8.O-O 
O-O 9.Bg5 c4 10.Ne5 Be6 11.Nxc6 bxc6 12.b3 Qa5 13.Qc2 Rac8 14.Rfd1 Rfd8 
15.Na4 h6 16.Bxf6 gxf6 17.bxc4 dxc4 18.Nc3 f5 19.e3 Bf6 20.Rac1 Kg7 21.Ne2
c5 22.d5 Bd7 23.Re1 Bb5 24.Nf4 Bg5 25.Nh5+ Kg6 26.g4 Bd7 27.Ng3 Qa6 28.
gxf5+ Kg7 29.Qe4 Re8 30.Qg4 Kh7 31.h4 Bf6 32.Qh5 Kg7 33.Bf1 Bb5 34.Qg4+ 
Kh7 35.Bxc4 Rg8 36.Bxb5 Qxb5 37.Qc4 Qb8 38.Kh2 h5 39.d6 Qxd6 40.Qxf7+ Rg7 
41.Qxh5+ Kg8 42.Red1 Qc7 43.Rc4 Rf8 44.Qf3 Be5 45.Qd5+ Kh8 46.f4 Bf6 47.
Qxc5 Qf7 48.Qd5 Qe8 49.Re4 Be7 50.f6 Rh7 51.fxe7 Rxh4+ 52.Kg2 Rg8 53.Qxg8+
1-0

[Event "21st WCh U20 Girls"]
[Site "Nakhchivan AZE"]
[Date "2003.06.23"]
[Round "2"]
[White "Mamedyarova, Zeinab"]
[Black "Van der Merwe, Cecile"]
[Result "1-0"]
[WhiteElo "2298"]
[BlackElo "2068"]
[EventDate "2003.06.22"]
[PlyCount "79"]

1.c4 e6 2.Nc3 d5 3.d4 c5 4.Nf3 Nc6 5.cxd5 exd5 6.e3 Nf6 7.Be2 Be7 8.O-O 
O-O 9.dxc5 Bxc5 10.a3 a6 11.Qc2 Qe7 12.b4 Ba7 13.Bb2 Bg4 14.Ng5 g6 15.Bxg4
Nxg4 16.Nf3 d4 17.exd4 Nxd4 18.Nxd4 Bxd4 19.h3 Nf6 20.Rad1 Rfd8 21.Rd3 
Rac8 22.Rxd4 Rxd4 23.Nd5 Rxd5 24.Qxc8+ Kg7 25.Qc3 Qd6 26.Qf3 Rf5 27.Rd1 
Qe7 28.Qe3 Qxe3 29.fxe3 Kf8 30.Rc1 Ne8 31.e4 Rb5 32.Bd4 Ke7 33.a4 Rh5 34.
Kf2 Kd7 35.Rd1 Kc6 36.Kf3 Nd6 37.Rc1+ Kd7 38.Bc5 Re5 39.Rd1 Re6 40.e5 1-0

[Event "21st WCh U20 Girls"]
[Site "Nakhchivan AZE"]
[Date "2003.06.23"]
[Round "2"]
[White "Agaeva, Shahana"]
[Black "Makka, Ioulia"]
[Result "1-0"]
[WhiteElo "2107"]
[BlackElo "2234"]
[EventDate "2003.06.22"]
[PlyCount "123"]

1.e4 c6 2.Nc3 d5 3.Nf3 Bg4 4.h3 Bh5 5.exd5 cxd5 6.Bb5+ Nc6 7.g4 Bg6 8.Ne5 
Rc8 9.d4 e6 10.Qe2 Bb4 11.h4 Ne7 12.h5 Be4 13.f3 O-O 14.Nxc6 Nxc6 15.Be3 
Qf6 16.fxe4 Nxd4 17.Bxd4 Qxd4 18.Rd1 Bxc3+ 19.bxc3 Qxc3+ 20.Kf1 dxe4 21.
Qxe4 Qxc2 22.Qxc2 Rxc2 23.a4 Ra2 24.Rb1 h6 25.Rh3 Rd8 26.Rd3 Rxd3 27.Bxd3 
Rxa4 28.Rxb7 Kf8 29.Be2 a5 30.Kf2 Ra1 31.Ra7 a4 32.Ke3 a3 33.Ke4 Ke8 34.
Ke5 Rb1 35.Rxa3 Rb4 36.Bf3 Rb6 37.Ra8+ Ke7 38.Ra7+ Ke8 39.Rc7 Rb8 40.Bc6+ 
Kf8 41.Kd6 Kg8 42.Be4 Kf8 43.Bb7 Rd8+ 44.Rd7 Re8 45.Bc6 Rc8 46.Ra7 Rd8+ 
47.Bd7 Rb8 48.Rc7 Kg8 49.Ke7 Rf8 50.Rc8 Rxc8 51.Bxc8 e5 52.Bf5 g6 53.hxg6 
fxg6 54.Bxg6 Kg7 55.Be4 h5 56.g5 h4 57.Ke6 h3 58.Kxe5 h2 59.Kf5 Kf7 60.g6+
Kg7 61.Kg5 Kg8 62.Kf6 1-0

[Event "21st WCh U20 Girls"]
[Site "Nakhchivan AZE"]
[Date "2003.06.23"]
[Round "2"]
[White "Valickova, Martina"]
[Black "Harika, Dronavalli"]
[Result "0-1"]
[WhiteElo "2046"]
[BlackElo "2294"]
[EventDate "2003.06.22"]
[PlyCount "54"]

1.e4 c5 2.Nf3 Nc6 3.Nc3 e5 4.Bc4 Be7 5.d3 d6 6.Nd2 Bg5 7.Nf1 Bxc1 8.Rxc1 
Nge7 9.Ne3 O-O 10.O-O Kh8 11.Ncd5 f5 12.exf5 Nxf5 13.Nxf5 Bxf5 14.Ne3 Bg6 
15.Bd5 Ne7 16.Be4 d5 17.Bxg6 Nxg6 18.c4 d4 19.Nd5 Qg5 20.Rc2 Rf7 21.h3 h5 
22.Qe2 Raf8 23.Qe4 Nh4 24.g3 Nf3+ 25.Kh1 Nd2 26.Rxd2 Qxd2 27.Qg6 Qe2 0-1

[Event "21st WCh U20 Girls"]
[Site "Nakhchivan AZE"]
[Date "2003.06.23"]
[Round "2"]
[White "Mamedyarova, Turkan"]
[Black "Saheli, Nath"]
[Result "1/2-1/2"]
[WhiteElo "2222"]
[BlackElo "2078"]
[EventDate "2003.06.22"]
[PlyCount "46"]

1.d4 Nf6 2.Nf3 g6 3.Bf4 Bg7 4.e3 d6 5.h3 O-O 6.Bc4 Nbd7 7.O-O e6 8.Nbd2 
Qe7 9.Bb3 e5 10.dxe5 Nxe5 11.Nxe5 dxe5 12.Bh2 Rd8 13.Qe2 b6 14.Nf3 Ne4 15.
Rfd1 Bb7 16.c3 Rd6 17.Rxd6 Nxd6 18.Rd1 Rd8 19.Bd5 Bxd5 20.Rxd5 f6 21.e4 c6
22.Rd1 Bh6 23.Ne1 Nf7 1/2-1/2

[Event "21st WCh U20 Girls"]
[Site "Nakhchivan AZE"]
[Date "2003.06.23"]
[Round "2"]
[White "Rajmohan, Mahima"]
[Black "Khudaverdieva, Afag"]
[Result "1/2-1/2"]
[WhiteElo "2104"]
[BlackElo "2063"]
[EventDate "2003.06.22"]
[PlyCount "66"]

1.e4 e6 2.d4 d5 3.Nd2 Nf6 4.e5 Nfd7 5.Bd3 c5 6.c3 Nc6 7.Ne2 cxd4 8.cxd4 
Qb6 9.Nf3 f6 10.exf6 Nxf6 11.O-O Bd6 12.Nc3 O-O 13.Bg5 Bd7 14.Bh4 Be8 15.
Nb5 Bf4 16.Qe1 Ne4 17.Nc3 Nxd4 18.Nxd4 Qxd4 19.Bxe4 dxe4 20.Qxe4 Qxe4 21.
Nxe4 Bxh2+ 22.Kxh2 Rf4 23.Bg3 Rxe4 24.Rfe1 Rxe1 25.Rxe1 Kf7 26.Rc1 Bc6 27.
Bh4 h6 28.f4 Rf8 29.Rc5 Kg6 30.Kg3 Rf7 31.Re5 Bd5 32.a3 b6 33.Re3 Rc7 
1/2-1/2

[Event "21st WCh U20 Girls"]
[Site "Nakhchivan AZE"]
[Date "2003.06.23"]
[Round "2"]
[White "Tania, Sachdev"]
[Black "Umudova, Nargiz"]
[Result "1-0"]
[WhiteElo "2245"]
[BlackElo "1922"]
[EventDate "2003.06.22"]
[PlyCount "57"]

1.e4 c6 2.d4 d5 3.exd5 cxd5 4.c4 Nf6 5.Nc3 g6 6.Qb3 Bg7 7.cxd5 O-O 8.Be2 
Nbd7 9.Bf3 Nb6 10.Nge2 a5 11.a4 Qd6 12.O-O Qb4 13.Qd1 Rd8 14.Nf4 Ne8 15.
Nb5 Nxa4 16.Qxa4 Qxa4 17.Rxa4 Bd7 18.Be2 Nd6 19.Nxd6 Bxa4 20.Nxb7 Rdb8 21.
Nc5 Be8 22.Rd1 Rb4 23.Nfd3 Rb6 24.Ne5 a4 25.Bf3 Rc8 26.Nc6 Bf6 27.Nxa4 Ra6
28.b3 e6 29.Be2 1-0

[Event "21st WCh U20 Girls"]
[Site "Nakhchivan AZE"]
[Date "2003.06.23"]
[Round "2"]
[White "Morales Mendoza, Luciana"]
[Black "Charbonneau, Anne-Marie"]
[Result "1-0"]
[WhiteElo "2051"]
[BlackElo "2052"]
[EventDate "2003.06.22"]
[PlyCount "103"]

1.e4 c5 2.Nf3 e6 3.c3 Nf6 4.e5 Nd5 5.c4 Nc7 6.d4 d5 7.exd6 Bxd6 8.dxc5 
Bxc5 9.Qxd8+ Kxd8 10.Nc3 Nc6 11.Bf4 f6 12.O-O-O+ Bd7 13.Ne4 Be7 14.Bd6 b6 
15.Be2 Bxd6 16.Nxd6 Ke7 17.Rhe1 e5 18.a3 Be6 19.b4 Rhd8 20.Nb5 Nxb5 21.
cxb5 Rxd1+ 22.Bxd1 Nd8 23.Bc2 Rc8 24.Kb2 g6 25.Nd2 Nb7 26.a4 Nd6 27.f4 Nf7
28.g3 Rd8 29.Kc3 Rc8+ 30.Kb2 Bf5 31.Bb3 Be6 32.Bc2 Bf5 33.Bd1 Rd8 34.Nf3 
Bg4 35.fxe5 Rxd1 36.exf6+ Kxf6 37.Rxd1 Bxf3 38.Rd7 Ne5 39.Rxa7 h5 40.a5 
bxa5 41.bxa5 Ke6 42.Rc7 Kd6 43.b6 Nd3+ 44.Kc3 Nc5 45.Rf7 Be4 46.Kd4 Bd5 
47.Rf6+ Ne6+ 48.Ke3 g5 49.Rh6 Kc5 50.Rxe6 Bc6 51.Re5+ Kb4 52.a6 1-0

[Event "21st WCh U20 Girls"]
[Site "Nakhchivan AZE"]
[Date "2003.06.23"]
[Round "2"]
[White "Yilmaz, Ezgi"]
[Black "Nowak, Dominika"]
[Result "0-1"]
[WhiteElo "1986"]
[BlackElo "2098"]
[EventDate "2003.06.22"]
[PlyCount "79"]

1.e4 e5 2.Nf3 d5 3.exd5 e4 4.Nd4 Nf6 5.Bc4 c6 6.d3 cxd5 7.Bb3 Bc5 8.dxe4 
dxe4 9.Ba4+ Nbd7 10.O-O O-O 11.Nb3 Be7 12.c3 Qc7 13.Nd4 Nc5 14.Bc2 Bg4 15.
Qd2 Rad8 16.Qe3 Bc8 17.b4 Ng4 18.Qg3 Bd6 19.Qh4 Bxh2+ 20.Kh1 Nd3 21.Bxd3 
exd3 22.g3 Qe5 23.Bf4 Qd5+ 24.f3 f6 25.Bb8 g5 26.Qh5 Bd7 27.Bf4 Qf7 28.Nd2
Qg7 29.Ne4 Qg6 30.fxg4 Qxe4+ 31.Nf3 Bxg3 32.Bxg3 Bxg4 33.Qh2 Bxf3+ 34.Kg1 
d2 35.a4 d1=Q 36.Raxd1 Rxd1 37.Qa2+ Kg7 38.Rxd1 Bxd1 39.Qd2 Bg4 40.a5 0-1

[Event "21st WCh U20 Girls"]
[Site "Nakhchivan AZE"]
[Date "2003.06.24"]
[Round "3"]
[White "Calotescu, Ana-Cristina"]
[Black "Sergeeva, Maria"]
[Result "1-0"]
[WhiteElo "2334"]
[BlackElo "2340"]
[EventDate "2003.06.22"]
[PlyCount "61"]

1.c4 Nf6 2.g3 g6 3.Bg2 Bg7 4.Nc3 d6 5.e4 O-O 6.Nge2 e5 7.d3 Nc6 8.O-O Nd4 
9.Nxd4 exd4 10.Ne2 Nd7 11.b4 c5 12.a3 a6 13.Rb1 Ne5 14.Nf4 Rb8 15.Nd5 b5 
16.bxc5 dxc5 17.f4 Nd7 18.f5 f6 19.fxg6 hxg6 20.Bh3 f5 21.Bf4 Ne5 22.Bxe5 
Bxe5 23.exf5 bxc4 24.dxc4 Rxb1 25.Qxb1 Qg5 26.Qe4 Bd6 27.Nf4 Bxf4 28.Rxf4 
Qd8 29.f6 Qe8 30.f7+ Rxf7 31.Qxe8+ 1-0

[Event "21st WCh U20 Girls"]
[Site "Nakhchivan AZE"]
[Date "2003.06.24"]
[Round "3"]
[White "Dzagnidze, Nana"]
[Black "Mamedyarova, Zeinab"]
[Result "1-0"]
[WhiteElo "2376"]
[BlackElo "2298"]
[EventDate "2003.06.22"]
[PlyCount "85"]

1.Nf3 Nf6 2.c4 e6 3.g3 b6 4.Bg2 Bb7 5.O-O Be7 6.Nc3 O-O 7.d4 d5 8.Ne5 Qc8 
9.cxd5 Nxd5 10.e4 Nxc3 11.bxc3 Nd7 12.f4 Nf6 13.Re1 Rd8 14.Qb3 c5 15.Bb2 
Nd7 16.Nc4 Qc7 17.Rad1 Nf6 18.Ne5 Bf8 19.Rd2 Rac8 20.Rf2 Nd7 21.Bh3 c4 22.
Qc2 Nxe5 23.fxe5 Qc6 24.Qe2 Rc7 25.Rf4 b5 26.Ref1 g6 27.Qf3 Qe8 28.Rf6 b4 
29.cxb4 Bxb4 30.d5 Bc5+ 31.Kh1 Rxd5 32.exd5 Bxd5 33.Qxd5 exd5 34.e6 d4 35.
exf7+ Rxf7 36.Rxf7 c3 37.Bc1 d3 38.Rc7 Qe4+ 39.Bg2 Qe5 40.Bf4 Qf5 41.Bh6 
d2 42.Rxf5 d1=Q+ 43.Rf1 1-0

[Event "21st WCh U20 Girls"]
[Site "Nakhchivan AZE"]
[Date "2003.06.24"]
[Round "3"]
[White "Harika, Dronavalli"]
[Black "Tania, Sachdev"]
[Result "1/2-1/2"]
[WhiteElo "2294"]
[BlackElo "2245"]
[EventDate "2003.06.22"]
[PlyCount "93"]

1.Nf3 Nf6 2.c4 e6 3.Nc3 d5 4.d4 Be7 5.Bg5 c6 6.e3 h6 7.Bh4 O-O 8.Rc1 Re8 
9.Bd3 dxc4 10.Bxc4 Nbd7 11.O-O Nh5 12.Bxe7 Qxe7 13.Ne5 Nhf6 14.f4 c5 15.
Bb3 b6 16.d5 Ba6 17.d6 Qf8 18.Rf2 Rac8 19.Rd2 Red8 20.Qf3 Nxe5 21.fxe5 Nd7
22.Qg3 c4 23.Ba4 b5 24.Bxb5 Bxb5 25.Nxb5 Rc5 26.Na3 Rdc8 27.Rdc2 Rxe5 28.
Nxc4 Rg5 29.Qf2 Rcc5 30.e4 Qa8 31.b4 Rxg2+ 32.Qxg2 Rg5 33.Qxg5 hxg5 34.Ne5
Qxe4 35.Nxd7 Qd4+ 36.Rf2 Qxd6 37.Rc8+ Kh7 38.Nf8+ Kh6 39.Rxf7 Qd1+ 40.Rf1 
Qd4+ 41.Rf2 Qg4+ 42.Kf1 Qd1+ 43.Kg2 Qg4+ 44.Kf1 Qd1+ 45.Kg2 Qg4+ 46.Kf1 
Qd1+ 47.Kg2 1/2-1/2

[Event "21st WCh U20 Girls"]
[Site "Nakhchivan AZE"]
[Date "2003.06.24"]
[Round "3"]
[White "Nowak, Dominika"]
[Black "Shukurova, Meihriban"]
[Result "0-1"]
[WhiteElo "2098"]
[BlackElo "2250"]
[EventDate "2003.06.22"]
[PlyCount "106"]

1.e4 c5 2.Nf3 e6 3.d4 cxd4 4.Nxd4 a6 5.c4 Nf6 6.Nc3 d6 7.Bd3 Be7 8.O-O O-O
9.Kh1 Qc7 10.f4 Nc6 11.Nxc6 bxc6 12.e5 dxe5 13.fxe5 Qxe5 14.Bf4 Qh5 15.Qa4
Bd7 16.Rae1 c5 17.Qc2 Ng4 18.Qd1 Bg5 19.Bd6 Bc6 20.Be4 Bxe4 21.Rxe4 Nf2+ 
22.Rxf2 Qxd1+ 23.Nxd1 Rfd8 24.Nc3 Rxd6 25.g3 Rad8 26.Na4 Rd1+ 27.Kg2 Be7 
28.Ree2 R1d4 29.b3 R4d7 30.Rc2 Kf8 31.Rfe2 Ke8 32.Kh3 Rc7 33.Re5 Bd6 34.
Re3 Re7 35.Rd3 Red7 36.Nb6 Rc7 37.Re2 Rc6 38.Na4 Be7 39.Rf3 Bf6 40.Ref2 
Bd4 41.Rd2 Ke7 42.Rfd3 e5 43.Rd1 Rdd6 44.Re1 f5 45.a3 e4 46.Rdd1 Ke6 47.
Rc1 a5 48.Red1 Ke5 49.Kg2 g5 50.h4 f4 51.hxg5 f3+ 52.Kh3 Kf5 53.Kh4 Rh6+ 
0-1